イナズマイレブンGOの声優 - Statistics

General Stats
  • This quiz has been taken 9 times
  • The average score is 32 of 107
Answer Stats
キャラクター CV % Correct
西園信助 戸松遥
75%
円堂守 竹内順子
75%
南沢篤志 梶裕貴
75%
吹雪士郎 宮野真守
75%
宇都宮虎丸 釘宮理恵
75%
菜花黄名子 悠木碧
75%
松風天馬 寺崎裕香
63%
霧野蘭丸 小林ゆう
63%
鬼道有人 吉野裕行
63%
木野秋 折笠富美子
63%
シュウ 沢城みゆき
63%
ベータ 伊瀬茉莉也
63%
SARU 岡本信彦
63%
剣城京介 大原崇
50%
神童拓人 斎賀みつき
50%
山菜茜 ゆりん
50%
豪炎寺修也 野島裕史
50%
天城大地 奈良徹
50%
狩屋マサキ 泰勇気
50%
影山輝 藤村歩
50%
磯崎研磨 江口拓也
50%
壁山塀吾郎 田野めぐみ
50%
染岡竜吾 加瀬康之
50%
トーブ ゆきじ
50%
アルファ 谷山紀章
50%
フラン 日笠陽子
50%
野咲さくら 遠藤綾
50%
瞬木隼人 石川界人
50%
松居安二郎 松木安太郎
50%
瀬戸水鳥 美名
38%
三国太一 佐藤健輔
38%
浜野海士 金野潤
38%
倉間典人 高垣彩陽
38%
角馬歩 古島清孝
38%
剣城優一 前野智昭
38%
久遠道也 東地宏樹
38%
貴志部大河 小野友樹
38%
風丸一郎太 西墻由香
38%
吉良ヒロト 水島大宙
38%
立向居勇気 立花慎之介
38%
アフロディ 三瓶由布子
38%
白竜 福山潤
38%
ジャンヌ・ダルク 寿美菜子
38%
井吹宗正 鈴木達央
38%
皆帆和人 代永翼
38%
ポトムリ 三木眞一郎
38%
ビットウェイ・オズロック 津田健次郎
38%
音無春奈 佐々木日菜子
25%
冬海卓 四宮豪
25%
響木正剛 有本欽隆
25%
隼総英聖 室元気
25%
雪村豹牙 寺島惇太
25%
黒裂真命 加藤奈々絵
25%
角馬王将 稲田徹
25%
木暮夕弥 宮原永海
25%
綱海条介 阪口周平
25%
砂木沼治 疋田高志
25%
円堂夏未 小林沙苗
25%
吉良瞳子 北西純子
25%
牙山道三 大友龍三郎
25%
ザナーク・アバロニク 小西克幸
25%
円堂大介 藤本譲
25%
ガルシャア・ウルフェイン 関智一
25%
アスタ 木村良平
25%
黒岩流星 佐々木誠二
25%
カトラ・ペイジ 上田麗奈
25%
リュゲル・バラン ランズベリー・アーサー
25%
ダクスガン・バービュー 勝杏里
25%
空野葵 北原沙耶香
13%
錦龍馬 岩崎了
13%
雷門総一郎 坂口候一
13%
御門春馬 早志勇紀
13%
浪川蓮助 峯暢也
13%
兵頭司 三戸耕三
13%
真帆路正 堀江一眞
13%
千宮路大悟 川島得愛
13%
緑川リュウジ 小平有希
13%
豪炎寺夕香 城雅子
13%
フェイ・ルーン 木村亜希子
13%
トウドウ 相沢まさき
13%
サカマキ 石井康嗣
13%
レイ・ルク 河野裕
13%
織田信長 千葉一伸
13%
シャルル王太子 鳥海浩輔
13%
劉玄徳 平田宏明
13%
諸葛孔明 沢海陽子
13%
坂本龍馬 千葉進歩
13%
アーサー王 星野充昭
13%
アスレイ・ルーン 家中宏
13%
蒲田静音 くじら
13%
サイード・アシュラフ 高口公介
13%
ナパ・ラダーム コノミアキラ
13%
ルスラン・カシモフ 斉藤壮馬
13%
カゼルマ・ウォーグ 河西健吾
13%
ガンダレス・バラン 興津和幸
13%
金山郷造 小室正幸
0%
アルノ博士 楠見尚己
0%
林秀貞 田尻浩章
0%
近藤勇 井上優
0%
マスタードラゴン 小林優子
0%
ヴァンフェニー・ヴァンプ 笹沼尭羅
0%
九坂隆二 岡林史泰
0%
神田里子 矢野亜沙美
0%
鉄角徹 間宮康弘
0%
ログロス・ゴードン 園部啓一
0%
シムール・フェロモナ 根本圭子
0%
アクロウス・オビエス 花田光
0%
No matching quizzes found
Score Distribution
Percent of People with Each Score
Percentile by Number Answered
Your Score History
You have not taken this quiz